[Event "Politiken Cup"]
[Site "Copenhagen"]
[Date "2006.07.29"]
[Round "8.122"]
[White "Christensen, Christoffer Ellegaa"]
[Black "Mølvig, Julius"]
[Result "0-1"]
[WhiteElo "1383"]
[BlackElo "1000"]
[PlyCount "60"]
[EventDate "2006.??.??"]

1. d4 d5 2. Nf3 Nf6 3. Bf4 Bf5 4. e3 e6 5. c3 Nc6 6. Bd3 Bxd3 7. Qxd3 Bd6 8.
Bg3 O-O 9. Nbd2 Qe7 10. Ne5 Bxe5 11. Bxe5 Nxe5 12. dxe5 Nd7 13. f4 Nb6 14.
O-O-O Rfd8 15. g4 Qc5 16. h4 Nc4 17. Rde1 a5 18. h5 a4 19. a3 Qb5 20. Qb1 Ra6
21. g5 Rb6 22. Nxc4 dxc4 23. g6 hxg6 24. hxg6 fxg6 25. Re2 Rd3 26. Rg2 Rxc3+
27. Kd1 Qd5+ 28. Ke1 Qxg2 29. Rf1 Rxb2 30. Qa1 Qe2# 0-1

[Event "Politiken Cup"]
[Site "Copenhagen"]
[Date "2006.07.29"]
[Round "8.123"]
[White "Roelvaag.Anders Birk"]
[Black "Gjedsted, Søren Havn"]
[Result "1-0"]
[WhiteElo "1274"]
[BlackElo "1360"]
[PlyCount "21"]
[EventDate "2006.??.??"]

1. e4 c5 2. Nc3 d6 3. g3 g6 4. Bg2 Bg7 5. d3 Nc6 6. Nge2 f5 7. O-O Nf6 8. Re1
O-O 9. Nf4 fxe4 10. Nxe4 Bg4 11. Nxf6+ 1-0

[Event "Politiken Cup"]
[Site "Copenhagen"]
[Date "2006.07.29"]
[Round "8.124"]
[White "Larsen, Alex"]
[Black "Kristensen, Steffen Michael"]
[Result "1-0"]
[WhiteElo "1171"]
[BlackElo "1319"]
[PlyCount "51"]
[EventDate "2006.??.??"]

1. c4 e5 2. Nc3 Bc5 3. Nf3 d6 4. g3 Nf6 5. Bg2 Bf5 6. d3 h6 7. Nxe5 c6 8. Nf3
Nbd7 9. O-O Qc7 10. e4 Bg4 11. Qc2 O-O-O 12. a4 Bxf3 13. Bxf3 Ne5 14. Bg2 h5
15. Bg5 Rh7 16. a5 a6 17. Ne2 Ng6 18. Qc3 h4 19. b4 hxg3 20. Nxg3 Rxh2 21. bxc5
Rdh8 22. Bxf6 Nf4 23. Bf3 gxf6 24. Qxf6 dxc5 25. e5 Qd7 26. Qxf4 1-0

[Event "Politiken Cup"]
[Site "Copenhagen"]
[Date "2006.07.29"]
[Round "8.125"]
[White "Forså, Elise"]
[Black "Thingstad, Tormod"]
[Result "1-0"]
[WhiteElo "1020"]
[BlackElo "1000"]
[PlyCount "43"]
[EventDate "2006.??.??"]

1. e4 e5 2. Nf3 Nc6 3. d4 exd4 4. Bc4 Nf6 5. e5 Ng4 6. O-O Ngxe5 7. Nxe5 Nxe5
8. Re1 d6 9. f4 f6 10. fxe5 dxe5 11. c3 Bc5 12. Kh1 Bf5 13. Qb3 Bb6 14. Bf4 Qe7
15. Qa4+ Bd7 16. Qb3 O-O-O 17. a4 g5 18. a5 Bc5 19. a6 b6 20. cxd4 Bxd4 21. Qf3
Kb8 22. Qb7# 1-0

[Event "Politiken Cup"]
[Site "Copenhagen"]
[Date "2006.07.29"]
[Round "8.126"]
[White "Tofte, Anders"]
[Black "Holmen, Halfdan"]
[Result "0-1"]
[WhiteElo "1000"]
[BlackElo "1000"]
[PlyCount "76"]
[EventDate "2006.??.??"]

1. e4 e5 2. Nc3 Nf6 3. Bc4 Bb4 4. f4 Bxc3 5. bxc3 exf4 6. Nf3 d6 7. O-O Nxe4 8.
Re1 d5 9. Bb3 O-O 10. Bb2 c6 11. d3 Qb6+ 12. d4 Bg4 13. c4 dxc4 14. Bxc4 Bxf3
15. gxf3 c5 16. Rxe4 Qxb2 17. d5 Qc3 18. Rb1 b6 19. Rxf4 Qe3+ 20. Kg2 Qxf4 21.
Qd3 Nd7 22. Bb3 Rac8 23. c4 Ne5 24. Qe2 Rfe8 25. Ba4 Re7 26. Re1 f6 27. Qc2
Qxf3+ 28. Kg1 Qf4 29. Kh1 Kf7 30. Rf1 Qxc4 31. Rg1 Qxc2 32. Bxc2 Nf3 33. Rg3
Re2 34. Rxf3 Rxc2 35. Ra3 a5 36. Rb3 Rxa2 37. Rxb6 Rd8 38. Rb7+ Kg6 0-1

[Event "Politiken Cup"]
[Site "Copenhagen"]
[Date "2006.07.29"]
[Round "8.127"]
[White "Rasmussen, Rene Rosendahl"]
[Black "Mossiaguine, Arina"]
[Result "1-0"]
[WhiteElo "1144"]
[BlackElo "1200"]
[PlyCount "61"]
[EventDate "2006.??.??"]

1. e4 Nc6 2. Nf3 e5 3. Bb5 f6 4. O-O Nce7 5. c3 Ng6 6. d4 c6 7. Ba4 h5 8. Re1
Bd6 9. Nbd2 Bc7 10. Nf1 d6 11. d5 Bd7 12. Ne3 Qe7 13. Nf5 Qf7 14. Be3 O-O-O 15.
Bxa7 cxd5 16. Bb3 Nf4 17. Be3 Qg6 18. Bxf4 exf4 19. N5h4 Qh7 20. Bc2 Bg4 21.
exd5 g6 22. Nxg6 Bxf3 23. Qxf3 Re8 24. Rxe8+ Bd8 25. Ne7+ Nxe7 26. Bxh7 Rxe8
27. Qxf4 Nxd5 28. Qf5+ Kb8 29. Qxd5 Re7 30. Qxd6+ Kc8 31. Bf5+ 1-0

[Event "Politiken Cup"]
[Site "Copenhagen"]
[Date "2006.07.30"]
[Round "9.2"]
[White "Short, Nigel D"]
[Black "Negi, Parimarjan"]
[Result "1-0"]
[WhiteElo "2676"]
[BlackElo "2480"]
[PlyCount "58"]
[EventDate "2006.??.??"]

1. e4 c5 2. Nf3 d6 3. d4 cxd4 4. Nxd4 Nf6 5. Nc3 a6 6. a4 Qc7 7. a5 e5 8. Nb3
Be7 9. Be3 Nbd7 10. Be2 Nc5 11. Nxc5 dxc5 12. Bc4 Be6 13. Qe2 h6 14. Bxe6 fxe6
15. Qc4 Qc6 16. f3 Kf7 17. O-O Rhd8 18. Na4 Rac8 19. Nb6 Rc7 20. Qc3 c4 21. Ra4
Rd4 22. Bxd4 exd4 23. Qxc4 Bc5 24. b3 d3+ 25. Kh1 d2 26. Qe2 Bxb6 27. axb6 Rd7
28. Rc4 Qxb6 29. Rc3 Ke8 1-0

[Event "Politiken Cup"]
[Site "Copenhagen"]
[Date "2006.07.30"]
[Round "9.3"]
[White "Rasmussen, Allan Stig"]
[Black "De Firmian, Nick E"]
[Result "1/2-1/2"]
[WhiteElo "2353"]
[BlackElo "2559"]
[PlyCount "114"]
[EventDate "2006.??.??"]

1. e4 c5 2. d3 Nc6 3. f4 g6 4. c3 Bg7 5. Be3 d6 6. Nd2 Nf6 7. Be2 O-O 8. g4 b5
9. a3 a5 10. g5 Nd7 11. h4 Nb6 12. Ngf3 b4 13. Rc1 e5 14. fxe5 Nxe5 15. Nxe5
Bxe5 16. d4 cxd4 17. cxd4 Bg7 18. axb4 axb4 19. Qb3 Re8 20. O-O Be6 21. Qxb4
Rb8 22. Qa3 Qd7 23. Rf4 h6 24. Qa5 Bd5 25. Rc3 hxg5 26. hxg5 Qd8 27. Rg4 Be6
28. Rg3 Ra8 29. Qb5 Bd7 30. Qd3 Ra1+ 31. Kg2 d5 32. e5 Nc4 33. Nxc4 Bf5 34. Qd2
dxc4 35. Rc1 Be4+ 36. Bf3 Rxc1 37. Bxe4 Ra1 38. Qc2 Ra2 39. Qxc4 Rxb2+ 40. Kf3
Qc8 41. Qxc8 Rxc8 42. Bd5 Rc3 43. Ke4 Re2 44. Rf3 Bf8 45. Bxf7+ Kg7 46. Bd5 Ba3
47. Rf7+ Kh8 48. Rf3 Re1 49. Rh3+ Kg7 50. Rf3 Re2 51. Rf7+ Kh8 52. Rf3 Be7 53.
Kf4 Kg7 54. Bg1 Rc1 55. Bf2 Rcc2 56. Be3 Rc3 57. Bg1 Rc1 1/2-1/2

[Event "Politiken Cup"]
[Site "Copenhagen"]
[Date "2006.07.30"]
[Round "9.5"]
[White "Boros, Denes"]
[Black "Howell, David WL"]
[Result "1-0"]
[WhiteElo "2462"]
[BlackElo "2479"]
[PlyCount "85"]
[EventDate "2006.??.??"]

1. d4 Nf6 2. Bg5 e6 3. e4 c5 4. d5 Qb6 5. Nc3 Qxb2 6. Bd2 Qb6 7. f4 exd5 8. e5
d4 9. exf6 dxc3 10. Bxc3 gxf6 11. Bc4 Rg8 12. Rb1 Qd6 13. Qf3 Na6 14. Rd1 Qb6
15. Ne2 Nc7 16. Qe4+ Be7 17. Qxh7 Rf8 18. O-O Qc6 19. Ng3 d5 20. Nh5 Bg4 21.
Ng7+ Kd7 22. Rd2 Rh8 23. Qd3 Rad8 24. Qg3 Be6 25. f5 Kc8 26. fxe6 fxe6 27. Bxf6
Bxf6 28. Rxf6 dxc4 29. Qe1 Rxd2 30. Qxd2 Rg8 31. Nf5 Qd7 32. Nd6+ Kb8 33. Rf7
Qc6 34. Nxc4 Qe4 35. Rf4 Qc6 36. Ne5 Qb5 37. Qd6 Re8 38. h4 Qe2 39. Kh2 Qe1 40.
Nd3 Qe3 41. Nxc5 Qe2 42. Rf7 Rc8 43. Rxc7 1-0

[Event "Politiken Cup"]
[Site "Copenhagen"]
[Date "2006.07.30"]
[Round "9.6"]
[White "Tallaksen, Geir S"]
[Black "Brynell, Stellan"]
[Result "1/2-1/2"]
[WhiteElo "2356"]
[BlackElo "2497"]
[PlyCount "54"]
[EventDate "2006.??.??"]

1. d4 d5 2. c4 dxc4 3. Nf3 Nf6 4. e3 e6 5. Bxc4 a6 6. a4 c5 7. O-O Nc6 8. Qe2
cxd4 9. Rd1 Be7 10. exd4 O-O 11. Nc3 Nb4 12. Bg5 Bd7 13. d5 exd5 14. Nxd5 Nbxd5
15. Bxd5 Nxd5 16. Rxd5 Bxg5 17. Nxg5 h6 18. Qd2 hxg5 19. Rxd7 Qf6 20. Rd6 Rad8
21. Rxf6 Rxd2 22. Rb6 Rc8 23. Rf1 Rc7 24. h3 f6 25. b4 Kh7 26. a5 Rb2 27. g4
Kg6 1/2-1/2

[Event "Politiken Cup"]
[Site "Copenhagen"]
[Date "2006.07.30"]
[Round "9.7"]
[White "Aagaard, Jacob"]
[Black "Zozulia, Anna"]
[Result "1-0"]
[WhiteElo "2457"]
[BlackElo "2352"]
[PlyCount "51"]
[EventDate "2006.??.??"]

1. e4 g6 2. d4 Bg7 3. Nc3 d6 4. f4 e6 5. Nf3 Ne7 6. Be3 Nd7 7. a4 O-O 8. Bd3 a6
9. O-O c5 10. Kh1 cxd4 11. Bxd4 Bxd4 12. Nxd4 e5 13. Nf3 exf4 14. Qd2 Ne5 15.
Qxf4 Nxd3 16. cxd3 d5 17. Rae1 dxe4 18. dxe4 Be6 19. e5 Nd5 20. Qh6 f6 21. Nd4
Nc7 22. Nxe6 Nxe6 23. Rd1 Nd4 24. e6 Qd6 25. e7 Rf7 26. Qe3 1-0

[Event "Politiken Cup"]
[Site "Copenhagen"]
[Date "2006.07.30"]
[Round "9.8"]
[White "Degtiarev, Evgeny"]
[Black "Adamski, Jan"]
[Result "1-0"]
[WhiteElo "2378"]
[BlackElo "2348"]
[PlyCount "119"]
[EventDate "2006.??.??"]

1. d4 Nf6 2. c4 e6 3. Nc3 Bb4 4. e3 b6 5. f3 Bxc3+ 6. bxc3 Nc6 7. Bd3 Ba6 8. e4
Na5 9. Qe2 d6 10. f4 Qd7 11. Nf3 Qa4 12. Nd2 e5 13. O-O O-O-O 14. Rb1 Rhe8 15.
Nb3 Bxc4 16. Nxa5 Bxd3 17. Qxd3 Qxa5 18. fxe5 dxe5 19. d5 Kb8 20. c4 Nd7 21.
Rb5 Qa4 22. Be3 f5 23. Rxf5 Rf8 24. Rxf8 Rxf8 25. a3 Nf6 26. h3 Rd8 27. Kh2 h6
28. Rb4 Qa6 29. Bc1 Qa5 30. Rb5 Qe1 31. Bb2 Nxe4 32. Bxe5 Nd6 33. Bg3 Qc1 34.
Rb4 Rf8 35. Qe2 Re8 36. Qh5 Rf8 37. Qg6 Rf1 38. Bxd6 Rh1+ 39. Kg3 Qe3+ 40. Kh4
Qd4+ 41. Kg3 Qe3+ 42. Kg4 cxd6 43. Qxd6+ Kb7 44. Qf4 Qe2+ 45. Qf3 Re1 46. c5
Qxf3+ 47. Kxf3 Re5 48. c6+ Kc7 49. Rd4 Kd6 50. Kf4 b5 51. a4 bxa4 52. Rxa4 Rxd5
53. Rxa7 Rg5 54. g4 Kxc6 55. h4 Rb5 56. Rxg7 Kd6 57. Rg6+ Ke7 58. Rxh6 Kf7 59.
h5 Rb4+ 60. Kg5 1-0

[Event "Politiken Cup"]
[Site "Copenhagen"]
[Date "2006.07.30"]
[Round "9.9"]
[White "Lund, Esben"]
[Black "Brinck-Claussen, Bjorn"]
[Result "1/2-1/2"]
[WhiteElo "2296"]
[BlackElo "2358"]
[PlyCount "57"]
[EventDate "2006.??.??"]

1. d4 Nf6 2. c4 c5 3. d5 g6 4. Nc3 d6 5. e4 Bg7 6. Be2 O-O 7. Bg5 h6 8. Bf4 e6
9. dxe6 Bxe6 10. Bxd6 Re8 11. Nf3 Nc6 12. O-O Nd4 13. e5 Nd7 14. Nxd4 cxd4 15.
Qxd4 Nxe5 16. Bxe5 Qxd4 17. Bxd4 Bxd4 18. Rac1 a6 19. b3 Rad8 20. Bf3 b5 21.
cxb5 Bxc3 22. Rxc3 axb5 23. a4 Bd5 24. a5 Bxf3 25. gxf3 Re2 26. Rc5 b4 27. Rb5
Ra2 28. Kg2 Rdd2 29. Rxb4 1/2-1/2

[Event "Politiken Cup"]
[Site "Copenhagen"]
[Date "2006.07.30"]
[Round "9.10"]
[White "Hoi, Carsten"]
[Black "Sylvan, Jacob"]
[Result "1-0"]
[WhiteElo "2386"]
[BlackElo "2279"]
[PlyCount "71"]
[EventDate "2006.??.??"]

1. d4 g6 2. c4 Bg7 3. e4 d6 4. Nc3 Nf6 5. f3 O-O 6. Be3 c5 7. Nge2 Nc6 8. Qd2
Qa5 9. O-O-O e5 10. dxc5 dxc5 11. Kb1 Nd4 12. Nxd4 exd4 13. Nd5 Qxd2 14. Bxd2
Nxd5 15. exd5 Bf5+ 16. Kc1 Rfe8 17. g4 Bd7 18. Bd3 b5 19. Rhe1 bxc4 20. Bxc4
Be5 21. Re2 Bd6 22. Rde1 Rxe2 23. Rxe2 Re8 24. Rxe8+ Bxe8 25. h3 f6 26. Kc2 Kf7
27. a3 Ke7 28. b3 Bf7 29. b4 Be8 30. b5 Kd8 31. a4 Kc7 32. a5 Kb7 33. Kb3 Bf7
34. a6+ Kc8 35. Ba5 Kd7 36. Bb6 1-0

[Event "Politiken Cup"]
[Site "Copenhagen"]
[Date "2006.07.30"]
[Round "9.11"]
[White "Vaganian, Rafael A"]
[Black "Friesen, Boris"]
[Result "1-0"]
[WhiteElo "2598"]
[BlackElo "2146"]
[PlyCount "45"]
[EventDate "2006.??.??"]

1. d4 d5 2. Nf3 e6 3. c4 c5 4. cxd5 exd5 5. g3 Nc6 6. Bg2 Nf6 7. O-O Be7 8. Nc3
O-O 9. Bg5 cxd4 10. Nxd4 h6 11. Bf4 Bg4 12. h3 Bh5 13. Qa4 Qb6 14. Nf5 Bb4 15.
Nxd5 Nxd5 16. Bxd5 Bxe2 17. a3 Qc5 18. Bxc6 bxc6 19. g4 Ba5 20. Bd6 Qb5 21. Qd4
f6 22. Bxf8 Rxf8 23. Qd7 1-0

[Event "Politiken Cup"]
[Site "Copenhagen"]
[Date "2006.07.30"]
[Round "9.12"]
[White "De Haan, Eric"]
[Black "Kristiansen, Jens"]
[Result "1/2-1/2"]
[WhiteElo "2295"]
[BlackElo "2425"]
[PlyCount "74"]
[EventDate "2006.??.??"]

1. d4 f5 2. g3 Nf6 3. Bg2 e6 4. c4 Be7 5. Nf3 O-O 6. Nc3 Ne4 7. Qc2 d5 8. O-O
c6 9. b3 Bd7 10. Bb2 Be8 11. Ne5 Nd7 12. Nd3 g5 13. f3 Nxc3 14. Bxc3 Bg6 15. f4
Bd6 16. e3 Qe7 17. Qd2 Rac8 18. Rac1 Bh5 19. Bb4 Bxb4 20. Nxb4 gxf4 21. exf4
Nf6 22. Nd3 Ne4 23. Qe3 Kh8 24. Rc2 Rg8 25. Ne5 Rg7 26. Bxe4 dxe4 27. Rd2 Rd8
28. Rc1 Rgg8 29. Qc3 Qg7 30. Qe3 Rd6 31. b4 Rgd8 32. a4 h6 33. a5 a6 34. Rb1
Kh7 35. Rb3 Qf6 36. Rb1 Qg7 37. Rb3 Qf6 1/2-1/2

[Event "Politiken Cup"]
[Site "Copenhagen"]
[Date "2006.07.30"]
[Round "9.13"]
[White "Christensen, Stefan"]
[Black "Tjiam, Dharma"]
[Result "0-1"]
[WhiteElo "2277"]
[BlackElo "2391"]
[PlyCount "56"]
[EventDate "2006.??.??"]

1. e4 d6 2. d4 Nf6 3. Nc3 g6 4. f4 Bg7 5. Nf3 c5 6. d5 O-O 7. Bd3 e6 8. O-O
exd5 9. exd5 Na6 10. Bxa6 bxa6 11. h3 Re8 12. Nd2 Rb8 13. Nc4 Ne4 14. Nxe4 Rxe4
15. Nd2 Rd4 16. Qf3 c4 17. c3 Rd3 18. Qe4 Bf5 19. Qxc4 Qb6+ 20. Kh2 Re8 21. Nf3
Re2 22. Ng1 Rf2 23. Re1 Rc2 24. Re8+ Bf8 25. Qc6 Qf2 26. Rxf8+ Kxf8 27. Qxd6+
Kg7 28. Qe5+ Kh6 0-1

[Event "Politiken Cup"]
[Site "Copenhagen"]
[Date "2006.07.30"]
[Round "9.16"]
[White "Semcesen, Daniel"]
[Black "Bromann, Thorbjorn"]
[Result "0-1"]
[WhiteElo "2266"]
[BlackElo "2364"]
[PlyCount "160"]
[EventDate "2006.??.??"]

1. d4 c5 2. d5 e5 3. Nc3 d6 4. e4 Be7 5. g3 Bg5 6. Bb5+ Nd7 7. f4 Bf6 8. Nf3 a6
9. fxe5 dxe5 10. Be2 b5 11. a4 b4 12. Nb1 a5 13. Be3 Qc7 14. Nbd2 Be7 15. O-O
Ngf6 16. Nh4 g6 17. Bb5 Ba6 18. Bxa6 Rxa6 19. Qe2 Ra8 20. Rad1 Nb6 21. Bh6 Nfd7
22. Nc4 Nxc4 23. Qxc4 Qd6 24. Nf3 f6 25. h4 Bf8 26. Be3 h5 27. c3 Bh6 28. Bxh6
Rxh6 29. cxb4 cxb4 30. Rc1 Rh8 31. Rf2 Ke7 32. Rfc2 Rhc8 33. Qxc8 Rxc8 34. Rxc8
Qb6+ 35. Kg2 Qe3 36. Re1 Qb3 37. Re2 Qxa4 38. Rc1 Qb5 39. d6+ Kxd6 40. Rec2 Ke6
41. Kf2 Qb6+ 42. Ke2 Qa6+ 43. Ke3 Qb6+ 44. Ke2 Qa6+ 45. Ke3 Qb6+ 46. Ke2 Qb5+
47. Ke3 a4 48. Nd2 Qb6+ 49. Kd3 Qf2 50. Rc6+ Ke7 51. R1c4 a3 52. Rxb4 a2 53.
Ra4 Nc5+ 54. Rxc5 Qxc5 55. Rxa2 Qf2 56. b4 Qd4+ 57. Ke2 Qxb4 58. Ra7+ Ke6 59.
Ra6+ Kf7 60. Ra7+ Kg8 61. Ra8+ Kg7 62. Rd8 Qc5 63. Rd7+ Kh6 64. Rd3 Qg1 65. Rf3
Kg7 66. Nf1 Qd4 67. Nd2 Kf7 68. Rd3 Qg1 69. Ra3 Qg2+ 70. Ke1 Kg7 71. Re3 g5 72.
hxg5 fxg5 73. Nf1 Kg6 74. Re2 Qg1 75. Rh2 Qd4 76. Re2 g4 77. Re3 Kg5 78. Kf2 h4
79. gxh4+ Kxh4 80. Ng3 Qxe3+ 0-1

[Event "Politiken Cup"]
[Site "Copenhagen"]
[Date "2006.07.30"]
[Round "9.17"]
[White "Matthiesen, Arne"]
[Black "Forsaa, Espen"]
[Result "1/2-1/2"]
[WhiteElo "2358"]
[BlackElo "2065"]
[PlyCount "84"]
[EventDate "2006.??.??"]

1. d4 d5 2. c4 c6 3. Nf3 Nf6 4. e3 e6 5. Nbd2 Bd6 6. Bd3 O-O 7. O-O Nbd7 8. e4
dxe4 9. Nxe4 Nxe4 10. Bxe4 e5 11. dxe5 Nxe5 12. Nxe5 Bxe5 13. Bxh7+ Kxh7 14.
Qh5+ Kg8 15. Qxe5 Re8 16. Qf4 Qd3 17. b3 Qe4 18. Qxe4 Rxe4 19. Be3 Bf5 20. Rad1
Ree8 21. Rd2 Rad8 22. Rfd1 Rxd2 23. Rxd2 a6 24. a4 Re7 25. Kf1 Rd7 26. Ke2
Rxd2+ 27. Kxd2 Kf8 28. f3 Ke7 29. g4 Bb1 30. h4 g6 31. Kc3 Ke6 32. h5 gxh5 33.
gxh5 b5 34. h6 bxa4 35. bxa4 Kf6 36. Bd4+ Kg6 37. Bg7 Kh7 38. f4 Kg6 39. Kb4
Bd3 40. Kc5 Be2 41. f5+ Kh7 42. Kb4 Bd3 1/2-1/2

[Event "Politiken Cup"]
[Site "Copenhagen"]
[Date "2006.07.30"]
[Round "9.18"]
[White "Romsdal, Trond"]
[Black "Berry, Neil"]
[Result "1/2-1/2"]
[WhiteElo "2215"]
[BlackElo "2334"]
[PlyCount "31"]
[EventDate "2006.??.??"]

1. d4 d5 2. c4 c6 3. Nf3 Nf6 4. Nc3 a6 5. cxd5 cxd5 6. Bf4 Nc6 7. e3 Bg4 8. Be2
e6 9. O-O Be7 10. h3 Bh5 11. Rc1 O-O 12. Ne5 Bxe2 13. Nxe2 Nxe5 14. Bxe5 Rc8
15. Qb3 Qd7 16. Qb6 1/2-1/2

[Event "Politiken Cup"]
[Site "Copenhagen"]
[Date "2006.07.30"]
[Round "9.19"]
[White "Jorgensen, Dennis"]
[Black "Rasmussen, Casper"]
[Result "0-1"]
[WhiteElo "2179"]
[BlackElo "2290"]
[PlyCount "68"]
[EventDate "2006.??.??"]

1. d4 Nf6 2. Nf3 g6 3. g3 d5 4. Bg2 Bg7 5. O-O O-O 6. c4 dxc4 7. Na3 Nc6 8.
Nxc4 Be6 9. b3 Bd5 10. Bb2 a5 11. Rc1 Ra6 12. a3 Ne4 13. Qc2 f5 14. e3 g5 15.
Rfe1 g4 16. Nfe5 Ng5 17. Nd2 Nxe5 18. dxe5 Rc6 19. Qd1 Bxg2 20. Kxg2 Bxe5 21.
Rxc6 bxc6 22. Bxe5 Qd5+ 23. e4 Qxe5 24. Nc4 Qf6 25. exf5 Qxf5 26. Re5 Qxf2+ 27.
Kh1 Nf3 28. Re2 Qc5 29. Ne3 h5 30. Qc2 Rf5 31. h3 Qxc2 32. Nxc2 gxh3 33. Rxe7
Rd5 34. Ne3 Rd2 0-1

[Event "Politiken Cup"]
[Site "Copenhagen"]
[Date "2006.07.30"]
[Round "9.20"]
[White "Rasmussen, Karsten"]
[Black "Schou-Moldt, Thomas"]
[Result "1-0"]
[WhiteElo "2467"]
[BlackElo "2184"]
[PlyCount "71"]
[EventDate "2006.??.??"]

1. e4 e5 2. Bc4 Nf6 3. d3 c6 4. Nf3 Qc7 5. O-O Be7 6. Nc3 d6 7. Ng5 Rf8 8. f4
h6 9. Nf3 Bg4 10. a4 Nbd7 11. a5 exf4 12. Bxf4 Ne5 13. Bb3 g5 14. Be3 Bxf3 15.
gxf3 g4 16. f4 Nf3+ 17. Kh1 Qd7 18. Ne2 Nh5 19. d4 Nh4 20. Ng3 Nxg3+ 21. hxg3
Nf3 22. d5 h5 23. a6 b6 24. Ba4 b5 25. dxc6 Qxc6 26. Bb3 Qc7 27. Qd5 Rb8 28. c3
h4 29. gxh4 Nxh4 30. Rg1 Qd7 31. f5 Nf3 32. Rxg4 Ne5 33. Rg3 Rh8+ 34. Kg2 Bh4
35. Rh1 Ke7 36. Rxh4 1-0

[Event "Politiken Cup"]
[Site "Copenhagen"]
[Date "2006.07.30"]
[Round "9.21"]
[White "Andreasen, Per"]
[Black "Solberg, Joachim"]
[Result "0-1"]
[WhiteElo "2283"]
[BlackElo "2179"]
[PlyCount "74"]
[EventDate "2006.??.??"]

1. c4 Nf6 2. Nf3 e6 3. g3 b6 4. Bg2 Bb7 5. O-O Be7 6. d4 O-O 7. Nc3 Ne4 8. Qc2
Nxc3 9. Qxc3 c5 10. Rd1 d6 11. d5 exd5 12. cxd5 Bf6 13. Qc2 Nd7 14. Bf4 Qe7 15.
Rd3 Rfe8 16. Re3 Qf8 17. Rd1 Rxe3 18. Bxe3 Qe7 19. h3 g6 20. Nd2 b5 21. Ne4 Bg7
22. Bg5 f6 23. Bf4 Ne5 24. Qb3 Qd7 25. Bxe5 fxe5 26. h4 Rf8 27. Qe3 h6 28. b4
c4 29. Kh2 Bc8 30. Ra1 Kh7 31. a4 bxa4 32. Qa3 Bb7 33. Bh3 Qb5 34. Be6 Bxd5 35.
Nc3 Rxf2+ 36. Kg1 Rg2+ 37. Kf1 Qb6 0-1

[Event "Politiken Cup"]
[Site "Copenhagen"]
[Date "2006.07.30"]
[Round "9.22"]
[White "Roelvaag, Mikael"]
[Black "Kaaber, Jacob"]
[Result "1-0"]
[WhiteElo "2282"]
[BlackElo "2117"]
[PlyCount "69"]
[EventDate "2006.??.??"]

1. d4 Nf6 2. Nf3 d5 3. c4 c6 4. e3 a6 5. Bd3 e6 6. O-O dxc4 7. Bxc4 b5 8. Bb3
Nbd7 9. Qe2 c5 10. Rd1 Bb7 11. a4 Qb6 12. Bc2 Bd6 13. axb5 axb5 14. Rxa8+ Bxa8
15. Nc3 c4 16. e4 e5 17. dxe5 Nxe5 18. Nxe5 Bxe5 19. Nd5 Qb8 20. f4 Bc7 21.
Nxc7+ Qxc7 22. e5 Nd5 23. Be4 Qc5+ 24. Kh1 O-O 25. Qf3 Nc7 26. h3 Bxe4 27. Qxe4
Re8 28. Be3 Qb4 29. Qc6 Qb3 30. Re1 Qxb2 31. Qxc7 Qc3 32. Bf2 Qd2 33. Bg3 Qc3
34. Kh2 b4 35. Re4 1-0

[Event "Politiken Cup"]
[Site "Copenhagen"]
[Date "2006.07.30"]
[Round "9.23"]
[White "Andersen, Dan"]
[Black "Laksman, Efraim"]
[Result "1-0"]
[WhiteElo "2278"]
[BlackElo "2089"]
[PlyCount "81"]
[EventDate "2006.??.??"]

1. d4 Nf6 2. c4 c5 3. d5 b5 4. cxb5 a6 5. b6 d6 6. Nc3 Nbd7 7. e4 Nxb6 8. Nf3
g6 9. Bf4 Bd7 10. e5 Nh5 11. Bg5 f6 12. e6 Bc8 13. g4 Ng7 14. Be3 Nxe6 15. dxe6
Bxe6 16. Nd2 Bg7 17. Bg2 Rb8 18. O-O O-O 19. f4 Qd7 20. h3 f5 21. gxf5 Bxf5 22.
Qf3 Rfc8 23. Rfd1 e6 24. Bf2 d5 25. Nb3 Qe7 26. Rac1 Bf6 27. Qe2 Ra8 28. Re1
Qf8 29. Rcd1 Kh8 30. Nc1 Rab8 31. Nd3 Nc4 32. Na4 Bxd3 33. Qxd3 Nxb2 34. Nxb2
Rxb2 35. Rxe6 d4 36. Qxa6 Bg7 37. Rde1 h5 38. Rxg6 Rcb8 39. Bg3 Qf7 40. Qc6
Rxa2 41. Bd5 1-0

[Event "Politiken Cup"]
[Site "Copenhagen"]
[Date "2006.07.30"]
[Round "9.24"]
[White "Nielsen, Max"]
[Black "Madland, Kristoffer"]
[Result "1-0"]
[WhiteElo "2267"]
[BlackElo "2100"]
[PlyCount "53"]
[EventDate "2006.??.??"]

1. e4 c5 2. Nf3 d6 3. d4 cxd4 4. Nxd4 Nf6 5. Nc3 g6 6. Be3 Bg7 7. f3 O-O 8. Qd2
Nc6 9. O-O-O Ne5 10. Bh6 Qa5 11. Kb1 Bxh6 12. Qxh6 Bd7 13. h4 Rfc8 14. Nb3 Qb6
15. Nd5 Nxd5 16. Rxd5 f6 17. Qc1 Be6 18. Rd1 a5 19. Nd4 Bf7 20. h5 Qd8 21. hxg6
Bxg6 22. f4 Bxe4 23. Qe3 Bg6 24. f5 Qf8 25. fxg6 hxg6 26. Ne6 Qe8 27. Rh8+ 1-0

[Event "Politiken Cup"]
[Site "Copenhagen"]
[Date "2006.07.30"]
[Round "9.26"]
[White "Hanssen, Gunnar Berg"]
[Black "Marder, Simon"]
[Result "1-0"]
[WhiteElo "2254"]
[BlackElo "2069"]
[PlyCount "44"]
[EventDate "2006.??.??"]

1. d4 d5 2. c4 Nc6 3. cxd5 Qxd5 4. e3 e5 5. Nc3 Bb4 6. Bd2 Bxc3 7. Bxc3 exd4 8.
Ne2 Bg4 9. f3 Bxf3 10. gxf3 Qxf3 11. Nxd4 Qxh1 12. Qg4 Nge7 13. O-O-O Rd8 14.
Bc4 Qxh2 15. Qxg7 Rf8 16. Rf1 Qh5 17. Ne6 Rg8 18. Qxg8+ Nxg8 19. Ng7+ Kd7 20.
Nxh5 Nh6 21. Rf6 Ng8 22. Rxf7+ Kc8 1-0

[Event "Politiken Cup"]
[Site "Copenhagen"]
[Date "2006.07.30"]
[Round "9.27"]
[White "Hassan, Omar Elsayed"]
[Black "Wustefeld, Carl"]
[Result "1/2-1/2"]
[WhiteElo "2153"]
[BlackElo "2248"]
[PlyCount "96"]
[EventDate "2006.??.??"]

1. d4 Nf6 2. c4 c5 3. d5 e6 4. Nc3 exd5 5. cxd5 g6 6. e4 d6 7. f4 Bg7 8. Bb5+
Nfd7 9. a4 O-O 10. Nf3 Re8 11. O-O a6 12. Be2 c4 13. Bxc4 Nc5 14. e5 Bg4 15. h3
Bxf3 16. Qxf3 Nbd7 17. e6 fxe6 18. dxe6 Nxe6 19. f5 gxf5 20. Qxf5 Qf6 21. Qxf6
Bxf6 22. Nd5 Bd4+ 23. Be3 Rac8 24. Rac1 Kg7 25. b3 Ne5 26. Bxd4 Nxd4 27. Nf6
Rf8 28. Nh5+ Kh6 29. Rxf8 Rxf8 30. Ng3 b5 31. axb5 axb5 32. Bd5 Rf4 33. Rd1 Nf5
34. Nxf5+ Rxf5 35. Be6 Rf6 36. Rxd6 Nf7 37. Ra6 Kg5 38. Bc8 Rxa6 39. Bxa6 Nd6
40. Kf2 Kf4 41. g3+ Ke4 42. Ke2 Nf5 43. Bb7+ Ke5 44. Kd3 Nxg3 45. Bf3 b4 46.
Bg4 Ne4 47. Kc4 Nd2+ 48. Kxb4 Nxb3 1/2-1/2

[Event "Politiken Cup"]
[Site "Copenhagen"]
[Date "2006.07.30"]
[Round "9.28"]
[White "Holst, Conny"]
[Black "Nielsen, Lars Aaes"]
[Result "0-1"]
[WhiteElo "2124"]
[BlackElo "2247"]
[PlyCount "52"]
[EventDate "2006.??.??"]

1. d4 e6 2. c4 b6 3. Nc3 Bb4 4. e3 f5 5. Bd3 Bb7 6. Nf3 Bxc3+ 7. bxc3 Nf6 8. d5
Ne4 9. Bxe4 fxe4 10. Nd2 Qg5 11. O-O exd5 12. f4 Qf6 13. cxd5 Bxd5 14. Bb2 O-O
15. Qc2 Qe7 16. c4 Bb7 17. Qc3 Na6 18. Nb3 Rf7 19. Rad1 Nb4 20. Nd4 Nd3 21. Ba1
d5 22. g4 Qh4 23. Rd2 c5 24. Nb5 d4 25. Nxd4 cxd4 26. Qxd4 Ne1 0-1

[Event "Politiken Cup"]
[Site "Copenhagen"]
[Date "2006.07.30"]
[Round "9.29"]
[White "Soraas, Torben"]
[Black "Pluemer, Detlef"]
[Result "1-0"]
[WhiteElo "2115"]
[BlackElo "2237"]
[PlyCount "65"]
[EventDate "2006.??.??"]

1. e4 e6 2. d4 d5 3. Nd2 Nf6 4. e5 Nfd7 5. Bd3 c5 6. c3 Nc6 7. Ne2 cxd4 8. cxd4
f6 9. Nf4 Nxd4 10. Qh5+ Ke7 11. exf6+ Nxf6 12. Ng6+ hxg6 13. Qxh8 Kf7 14. O-O
e5 15. Nb3 Nxb3 16. axb3 Bf5 17. Bxf5 gxf5 18. Bg5 Bc5 19. Qh3 Qd7 20. b4 Bb6
21. Bxf6 Kxf6 22. Ra3 g6 23. Qh4+ Kg7 24. Rh3 Qf7 25. g4 f4 26. g5 Qg8 27. Rc1
Rd8 28. Rhc3 Qe6 29. Rh3 d4 30. Qh7+ Kf8 31. Rh6 d3 32. Qh8+ Ke7 33. Qg7+ 1-0

[Event "Politiken Cup"]
[Site "Copenhagen"]
[Date "2006.07.30"]
[Round "9.30"]
[White "Skovgaard, Peter"]
[Black "Hansen, Herluf"]
[Result "1/2-1/2"]
[WhiteElo "2235"]
[BlackElo "2028"]
[PlyCount "41"]
[EventDate "2006.??.??"]

1. b3 d5 2. Bb2 Bg4 3. c4 c6 4. g3 e6 5. Bg2 Nf6 6. Nf3 Nbd7 7. O-O Bd6 8. d4
O-O 9. Ne5 Bf5 10. Nxd7 Qxd7 11. Ba3 Be4 12. Bxd6 Qxd6 13. c5 Qe7 14. Nd2 Bxg2
15. Kxg2 e5 16. dxe5 Qxe5 17. Nf3 Qe4 18. e3 Rfe8 19. Qd4 Nd7 20. b4 Qf5 21. h4
1/2-1/2